[Event "Perth Metro CC-chE"]
[Site "Perth"]
[Date "2006.04.27"]
[Round "4"]
[White "Leinster Mackay, D."]
[Black "Prunty, Jon"]
[Result "0-1"]
[WhiteElo "1046"]
[BlackElo "1119"]
[PlyCount "70"]
[EventDate "2006.02.02"]
[EventType "tourn"]
[EventRounds "9"]
[EventCountry "AUS"]
[SourceTitle "EXT 2010"]
[Source "ChessBase"]
[SourceDate "2010.11.25"]
[SourceVersion "1"]
[SourceVersionDate "2010.11.25"]
[SourceQuality "1"]

1. c4 Nf6 2. Nc3 g6 3. g3 Bg7 4. Bg2 d6 5. e4 Nc6 6. d3 Bg4 7. f3 Bd7 8. Nge2 0-0 9. Qc2 e5 10. a3 Nh5 11. Be3 a6 12. 0-0-0 Qb8 13. d4 Na5 14. b3 b5 15. d5 bxc4 16. b4 Nb3+ 17. Kb2 a5 18. Na2 Bb5 19. Nac1 Nd4 20. Qc3 Qa7 21. bxa5 Qxa5 22. Qxa5 Rxa5 23. Nc3 Rfa8 24. Nb1 Rb8 25. Kc3 Ba4 26. Nd2 Bxd1 27. Rxd1 Rxa3+ 28. Kxc4 Rxe3 29. Nf1 Ra3 30. f4 Rba8 31. Nd3 R8a4+ 32. Nb4 Ra5 33. Nd3 exf4 34. gxf4 Nxf4 35. Nxf4 R5a4# 0-1

[Event "Perth Metro CC-chE"]
[Site "Perth"]
[Date "2006.02.16"]
[Round "3"]
[White "Doherty, Tyrone"]
[Black "Leinster Mackay, D."]
[Result "0-1"]
[WhiteElo "1024"]
[BlackElo "1046"]
[PlyCount "129"]
[EventDate "2006.02.02"]
[EventType "tourn"]
[EventRounds "9"]
[EventCountry "AUS"]
[SourceTitle "EXT 2010"]
[Source "ChessBase"]
[SourceDate "2010.11.25"]
[SourceVersion "1"]
[SourceVersionDate "2010.11.25"]
[SourceQuality "1"]

1. d4 Nf6 2. Nf3 g6 3. Bg5 Bg7 4. e3 h6 5. Bh4 g5 6. Bg3 d6 7. h3 Ne4 8. Bd3 Nxg3 9. fxg3 c5 10. Qe2 Nc6 11. c3 d5 12. Bb5 a6 13. Ba4 b5 14. Bc2 c4 15. a4 Bb7 16. h4 g4 17. Ne5 Nxe5 18. dxe5 h5 19. e6 0-0 20. 0-0 f6 21. Nd2 Qd6 22. Qe1 Qxe6 23. Bg6 f5 24. Bxh5 Qh6 25. Be8 Raxe8 26. axb5 axb5 27. Ra7 Qb6 28. Ra1 Bh6 29. Kh2 Bxe3 30. Nb1 Bc5 31. Na3 b4 32. Nc2 b3 33. Nd4 Bxd4 34. cxd4 Qxd4 35. Qc1 Qf6 36. Ra3 e5 37. Qd2 e4 38. Qe2 Qd6 39. Raa1 Ra8 40. Rab1 Ba6 41. Rfc1 Bc8 42. Qd2 Rf7 43. Rf1 Qe6 44. Qg5+ Rg7 45. Qf4 Qf6 46. Qd2 Bb7 47. Rh1 Re8 48. Qf4 e3 49. Rhe1 d4 50. Rbc1 Bd5 51. Re2 Kh7 52. Rf1 Re4 53. Qxf5+ Qxf5 54. Rxf5 Be6 55. Rh5+ Kg8 56. Ra5 d3 57. Ra8+ Kh7 58. Re1 e2 59. Rea1 e1Q 60. Rxe1 Rxe1 61. Ra6 d2 62. Rd6 d1Q 63. Rxd1 Rxd1 64. h5 Rd2 65. Kg1 0-1